00359nam a2200145Ia 4500008004100000020001800041041000800059082001600067100001700083245005100100260002100151300000800172365001600180700001700196230718s9999 xx 000 0 und d a9781408855676 aeng a823.91bROW aRowling J.K. aHarry Potter And The Prisoner Of Azkaban Vol-3 c2014bBloomsbury a461 cRs.b607.15 aRowling J.K.